Access To Drugs In Public Health Facilities In Tamil Nadu / (Record no. 36495)

MARC details
000 -LEADER
fixed length control field 00400nam a2200121Ia 4500
008 - FIXED-LENGTH DATA ELEMENTS--GENERAL INFORMATION
fixed length control field 220512s9999 xx 000 0 eng d
100 ## - MAIN ENTRY--PERSONAL NAME
Personal name Visari, Leela
245 #0 - TITLE STATEMENT
Title Access To Drugs In Public Health Facilities In Tamil Nadu /
Statement of responsibility, etc. Visari, Leela
260 ## - PUBLICATION, DISTRIBUTION, ETC.
Place of publication, distribution, etc. Ahemdabad :
Name of publisher, distributor, etc. Gujarat Institute Of Development Research,
Date of publication, distribution, etc. Jun-08
500 ## - GENERAL NOTE
General note Maternal Health Project Paper 2
546 ## - LANGUAGE NOTE
Language note English
942 ## - ADDED ENTRY ELEMENTS (KOHA)
Koha item type Research Papers
Holdings
Withdrawn status Lost status Damaged status Not for loan Collection code Home library Current library Date acquired Total Checkouts Barcode Date last seen Price effective from Koha item type
        Working Papers NASSDOC Library NASSDOC Library 12/05/2022   P748 12/05/2022 12/05/2022 Research Papers